| 000 | 00351 a2200133 4500 | ||
|---|---|---|---|
| 001 | ART_17566 | ||
| 005 | 20260410161750.0 | ||
| 008 | 260409a | ||
| 245 | 1 | 0 | _aWorkforce Crisis |
| 100 | 1 | _aErickson, Tamara J. | |
| 700 | 1 | _aDychtwald, Ken | |
| 700 | 1 | _aMorison, Robert | |
| 773 | 0 |
_tBook Summary _g- NÂș 10 (ene. 2007) _wREV4099 |
|
| 999 |
_c19608 _d19608 |
||